Score 0/8 Timer 01:00
2 Plays Today
Hint 5-letter Word % Correct
Actor EastwoodCLINT
97.9%
Fill in the _____ BLANK
93.5%
Rapid movement of eyelidsBLINK
93.2%
♫ Apply pigment with brush ♫ PAINT
91.6%
Fire starterFLINT
90.5%
Slang for prisonCLINK
88.2%
SwoonFAINT
85.1%
♫ Absence or complete absorption of light ♫ BLACK
78.6%

Today's Daily Dose

Remove Ads.
Support Sporcle.
Get the best of Sporcle when you Go Orange. This ad-free experience offers more features, more stats, and more fun while also helping to support Sporcle. Thank you for becoming a member.

You're not logged in!

Compare scores with friends on all Sporcle quizzes.
OR
Log In

Show Comments

Extras

Top Quizzes Today


Score Distribution

Your Account Isn't Verified!

In order to create a playlist on Sporcle, you need to verify the email address you used during registration. Go to your Sporcle Settings to finish the process.

Report this User

Report this user for behavior that violates our Community Guidelines.

Details: